01255nas a2200265Ia 4500001001100000003000900011008004100020040001300061040001300074041001300087100004700100210004300147222004300190245012000233250001100353260004400364501008600408300001700494362001700511500018400528650003600712942000700748999001900755952021500774R042/67657IT-RoPAU151124c99999999xx |||||||||||| ||und|| aIT-RoPAU cIT-RoPAU aITALIANO aGirotti GiuseppegCodice Aut. SPICS: 39202 aIKON-REVUE INTERNATIONAL DE FILMOLOGIE aIkon-Revue International De Filmologie aIKON-REVUE INTERNATIONALE DE FILMOLOGIE (N.087-1973)bRicerca Fattoriale Sulle Impressioni di Persone Da Fotografie a1a ed. aMILANObISTITUTO AGOSTINO GEMELLIc1973 bPaulus - SPICS - Società€ San Paolo EM (non-commercial uses only)cCopyright2015 a31 p. [7-37] a(N.087-1973) aPercezione di Stati Emotivi e Impressioni di Personalità€. Dimensioni Fondamentali Delle Impressioni. Fini e Modalità€ della Presente Ricerca. Risultati e Analisi. Bibliografia. aCINEMAvPUBBLICAZIONE PERIODICA cCR c187607d187607 0010406R_042_67657000000000071aSPICSbSPICSd2015-11-25l0oR042/67657r2015-11-25 00:00:00w2015-11-25yCRzProgr. Ins: 36906 / Copia rara: NO / date import: 25.11.2015 / By Epidotti, Trombetti, Vaglietti